366 esei untuk memotivasi diri untuk pelajar dan dewasa / (Record no. 572)
[ view plain ]
| 000 -LEADER | |
|---|---|
| fixed length control field | nam a22 a 4500 |
| 003 - CONTROL NUMBER IDENTIFIER | |
| control field | AKMAL |
| 005 - DATE AND TIME OF LATEST TRANSACTION | |
| control field | 20170504115222.0 |
| 008 - FIXED-LENGTH DATA ELEMENTS--GENERAL INFORMATION | |
| fixed length control field | 170504s1996 my 00 may d |
| 020 ## - INTERNATIONAL STANDARD BOOK NUMBER | |
| International Standard Book Number | 9676901423 (kkt.): |
| Terms of availability | 23.00 |
| 040 ## - CATALOGING SOURCE | |
| Original cataloging agency | AKMAL |
| Transcribing agency | AKMAL |
| 049 ## - LOCAL HOLDINGS (OCLC) | |
| Holding library | mal |
| 082 04 - DEWEY DECIMAL CLASSIFICATION NUMBER | |
| Classification number | 153.8 BRE |
| 090 ## - LOCALLY ASSIGNED LC-TYPE CALL NUMBER (OCLC); LOCAL CALL NUMBER (RLIN) | |
| Classification number (OCLC) (R) ; Classification number, CALL (RLIN) (NR) | 153.8 |
| Local cutter number (OCLC) ; Book number/undivided call number, CALL (RLIN) | BRE |
| 090 20 - LOCALLY ASSIGNED LC-TYPE CALL NUMBER (OCLC); LOCAL CALL NUMBER (RLIN) | |
| Classification number (OCLC) (R) ; Classification number, CALL (RLIN) (NR) | 153.8 |
| Local cutter number (OCLC) ; Book number/undivided call number, CALL (RLIN) | BRE |
| 100 1# - MAIN ENTRY--PERSONAL NAME | |
| Personal name | Bremer, Sydney Newton |
| 9 (RLIN) | 1269 |
| 245 10 - TITLE STATEMENT | |
| Title | 366 esei untuk memotivasi diri untuk pelajar dan dewasa / |
| Statement of responsibility, etc. | Sidney Newton Bremer ; Frans Kowa |
| 260 ## - PUBLICATION, DISTRIBUTION, ETC. | |
| Place of publication, distribution, etc. | Batu Caves : |
| Name of publisher, distributor, etc. | Thinker's Library, |
| Date of publication, distribution, etc. | 1996 |
| 300 ## - PHYSICAL DESCRIPTION | |
| Extent | 421ms. ; |
| Dimensions | 23cm |
| 650 ## - SUBJECT ADDED ENTRY--TOPICAL TERM | |
| Topical term or geographic name entry element | Motivation (Psychology) |
| 9 (RLIN) | 559 |
| 700 1# - ADDED ENTRY--PERSONAL NAME | |
| Personal name | Kowa, Frans |
| 9 (RLIN) | 1270 |
| 740 #2 - ADDED ENTRY--UNCONTROLLED RELATED/ANALYTICAL TITLE | |
| Uncontrolled related/analytical title | Tiga ratus enam puluh enam esei untuk memotivasi diri |
| 942 ## - ADDED ENTRY ELEMENTS (KOHA) | |
| Source of classification or shelving scheme | |
| Koha item type | Book |
| Withdrawn status | Lost status | Source of classification or shelving scheme | Damaged status | Not for loan | Collection code | Home library | Current library | Date acquired | Inventory number | Total Checkouts | Full call number | Barcode | Date last seen | Price effective from | Koha item type |
|---|---|---|---|---|---|---|---|---|---|---|---|---|---|---|---|
| NON-FICTION | AKMAL Melaka | AKMAL Melaka | 04.05.2017 | 100265 | 153.8 BRE | 201701474 | 04.05.2017 | 04.05.2017 | Book |
